000 00745nam a22002177a 4500
999 _c181919
_d181919
005 20211008153239.0
010 _aB-741721
020 _c379.00
_a9789352869336
035 _aB-741721
037 _bGift
082 _a320.954
100 _aAbhay Prasad Singh
245 _aGovernment Issues and Challenges /
_cBy Abhay Prasad Singh [and] Krishna Murari
260 _aU.P
_bPearson
_c2018
270 _a Plot-1 Block-C, Sector-16
_bNoida
_e201301
_k08030461060
_l08030461003
_mcompanysecretary.india@pearson.com
300 _axiv370p.
_c22cm(pbk)
500 _aIncludes index and bibliography
700 _a Krishna Murari
942 _2ddc
_cEN
_h320.954
_mABH